| 000 | 00489nam a22001937a 4500 | ||
|---|---|---|---|
| 003 | MPLRDC | ||
| 005 | 20220104193238.0 | ||
| 008 | 210129b ||||| |||| 00| 0 eng d | ||
| 020 | _a983-2385-58 | ||
| 082 | _a574.386 ZY | ||
| 100 | _a章瑛 | ||
| 245 |
_a国会乐与怒 _c |
||
| 250 | _a初版一刷 | ||
| 260 |
_a马来西亚 _b大将出版社(马来西亚) _c2002 |
||
| 300 | _b平 | ||
| 520 | _a上架 2017-01-19 | ||
| 650 | _a马来西亚政治 | ||
| 942 |
_cBK _o574.386 ZY |
||
| 999 |
_c65101 _d65091 |
||